| 000 | 00490 a2200169 4500 | ||
|---|---|---|---|
| 001 | 136792 | ||
| 020 | _a8502051156 | ||
| 040 | _cLeonardo Da Vinci | ||
| 041 | _aPortuguês | ||
| 082 |
_a327 S25t _bS25t |
||
| 100 | _aSARFATI, Gilberto | ||
| 245 | _aTeorias de relações internacionais | ||
| 260 |
_bSaraiva _c2006 _aSão Paulo |
||
| 362 | _a20060000 | ||
| 697 |
_aRelações internacionais _aRealismo _aLiberalismo _aEscola inglesa _aTeorias de integração _aGlobalização |
||
| 942 | _cBK | ||
| 999 |
_c136792 _d136792 |
||